History Quiz

Random History or State Quiz

Union Cities (1860) Quiz Stats

 Plays Quiz Updated Dec 20, 2018

Support Sporcle.
Go Orange.
Score 0/25 Timer 05:00
3 Plays Today
Population City % Correct
813,669New York
99.7%
177,840Boston
97.4%
565,529Philadelphia
97%
112,172Chicago
94.6%
212,418Baltimore
90.8%
45,619Detroit
90.1%
43,417Cleveland
89.8%
49,221Pittsburgh
89.8%
56,802San Francisco
89.4%
62,367Albany
88.5%
160,773St Louis
87.4%
81,129Buffalo
84.1%
50,666Providence
84%
Population City % Correct
161,044Cincinnati
81.3%
68,033Louisville
77.1%
71,941Newark
75.3%
45,246Milwaukee
75.1%
61,122Washington
72.8%
266,661Brooklyn
59%
48,204Rochester
58.4%
39,267New Haven
52.1%
29,226Jersey City
52%
36,827Lowell
23.1%
39,265Troy
14.1%
28,702Allegheny
7.8%

From the Vault

Ellen's 2014 Oscars Selfie

by razorz

Fun fact: Liza Minnelli is in there somewhere, she is just too short to fit into this selfie.
Remove Ads.
Support Sporcle.
Get the best of Sporcle when you Go Orange. This ad-free experience offers more features, more stats, and more fun while also helping to support Sporcle. Thank you for becoming a member.

Show Comments

Extras

Top Quizzes Today


Score Distribution

Your Account Isn't Verified!

In order to create a playlist on Sporcle, you need to verify the email address you used during registration. Go to your Sporcle Settings to finish the process.

Report this User

Report this user for behavior that violates our Community Guidelines.

Details: